000
00281nam a2200109Ia 4500
008
220214s9999 xx 000 0 und d
100
_a
Roberts EH
245
0
_a
Predicting the storage life of seeds
260
_b
Seed Science and Technology
_c
1973
300
_a
499-514
942
_c
RE
999
_c
45632
_d
45632